Countries by their second letter - E - Statistics

General Stats
  • This quiz has been taken 155 times
    116 since last reset
  • The average score is 18 of 24
Answer Stats
Answer % Correct
Peru
87%
Senegal
87%
Venezuela
87%
Belgium
85%
Germany
85%
Denmark
84%
New Zealand
84%
Belarus
82%
Mexico
82%
Benin
80%
Kenya
79%
Lesotho
79%
Yemen
79%
Belize
78%
Netherlands
77%
Central AfricanRepublic
71%
Nepal
71%
Serbia
71%
Democratic republicof the Congo
70%
Lebanon
70%
Republic of theCongo
67%
Seychelles
66%
F. S. Micronesia
63%
Georgia
62%
No matching quizzes found
Score Distribution
Percent of People with Each Score
Percentile by Number Answered
Your Score History
You have not taken this quiz since the last reset